000 01214cam a22003377a 4500
003 CHAP
005 20220817043847.0
008 010926d mx r 00110 spa d
010 _a86383
011 _a87355
035 _a97898
040 _cCHAP
090 _aFolleto 16442
100 0 0 _aDeb, U.K.
_931454
245 1 0 _aSpillover impacts of agricultural research :
_ba review of studies
_c/por U. K. Deb and M.C.S. Bantilan
260 _aAndhra Pradesh, India :
_bInternational Crops Research Institute for the Semi-Arid Tropics,
_c2001.
300 _a28 p. :
_bilus.
410 0 0 _aInternational Crops Research Institute for the Semi-Arid Tropics
490 0 _aWorking paper series
_v; 8
590 _aBATCH-UPD
_b10
_c20130110
_lUCH01
_h0825
590 _aBATCH-UPD
_b10
_c20130410
_lUCH01
_h0503
590 _aCONVERSION
_b10
_c20130109
_lUCH01
_h1348
650 1 4 _aAgricultura
_xInvestigacion
_xIndia.
_91634
700 0 0 _aBantilan, M. C. S.
810 0 0 _aInternational Crops Research Institute for the Semi-Arid Tropics
830 0 _aWorking paper series
_v; 8
_9122630
901 _aBK
905 _aAlejandra Carrasco M.
942 _cFOLL
949 _aFolleto 16442
_bBC
_cFOLL
_d978981
_eTS1
_i97898
_sb
999 _c86383
_d86383